| 000 | 00493nam a22001697a 4500 | ||
|---|---|---|---|
| 005 | 20251108165332.0 | ||
| 008 | 250721s1972 xx 000 0 ara d | ||
| 082 | 1 | 4 | _a636.3/مصط |
| 100 | 1 | _aحمادة، مصطفى كمال عمر | |
| 245 | 1 | 0 | _aإنتاج الضأن و الصوف / |
| 264 | 1 |
_aالإسكندرية : _bدار المطبوعات الجديدة، _c1972. |
|
| 300 | _a494ص | ||
| 650 | 1 | 7 | _aالأغنام |
| 650 | 1 | 7 | _aالصوف |
| 942 |
_2ddc _cBK |
||
| 999 |
_c25377 _d25377 |
||